01018nam a2200313 a 4500001001000000003000900010005001700019007001000036008004100046020001500087040002200102082002000124092000600144100003100150245005800181250001300239260004800252300002100300490002600321500006400347650002200411650002600433830002600459942001200485945004000497952011400537956003800651999001500689000003020DO-SdBNP20180402155146.0000003020091027s1998 sp 000 0 spa d a8489539693 aBPMSUbspacBPMSU aRD863.44bM425b 2 1 aMateo, Andrés L.,d1946-13aLa balada de Alfonsina Bairán /cAndrés L. Mateo. a3a. ed.  aSanto Domingo :bEditora de Colores,c1998. a166 p. ;c22 cm.1 aLiteratura dominicana aIncluye datos biográficos del autor en la contracubierta  4aNOVELA DOMINICANA 4aLITERATURA DOMINICANA 0aLiteratura dominicana 2ddccBK aRemanejado para la BNPHU / 2017 VM 00102ddc40708CDaBPMETbBPMETd2015-04-10l0oRD863.44 M425bpBPMSU15041269r2015-04-10w2015-04-10yBK aVMATEOb10c20150410lBND01h1207 c7600d7600